000 00489nam a2200205Ia 4500
003 OSt
005 20230426094520.0
008 210423s2006 xx 000 0 und d
020 _a8178295644
040 _cAL
041 _aeng
082 _a808.06607 SAXS
_223
100 _aSAXENA (Sunil).
_993111
245 _aHeadline writing.
260 _aNew Delhi
_bSage Publications
_c2006
300 _a209
_bPB
365 _b450
_cINR
906 _aHeadline ; writing.
942 _2ddc
_cBK
999 _c161680
_d161680